000 00229nam a2200097Ia 4500
001 939961
005 20250826215237.0
008 250824s9999 xx 000 0 und d
245 0 _aMARS
_cELİZABETH CARNEY
260 _bBETA YAYINLARI
999 _c939961
_d939961